[Event "Basel op"]
[Site "Basel"]
[Date "2018.01.07"]
[Round "9"]
[White "Haenggi, Markus"]
[Black "Petermann, Michail"]
[Result "0-1"]
[WhiteElo "2065"]
[BlackElo "2251"]
[PlyCount "82"]
[EventDate "2018.01.02"]
[EventType "swiss"]
[EventRounds "9"]
[EventCountry "SUI"]
[SourceTitle "CBM 182 Extra"]
[Source "ChessBase"]
[SourceDate "2018.02.23"]
[SourceVersion "1"]
[SourceVersionDate "2018.02.23"]
[SourceQuality "1"]

1. e4 c5 2. Nc3 Nc6 3. Bb5 g6 4. Bxc6 dxc6 5. d3 Bg7 6. f4 c4 7. dxc4 Bxc3+ 8. bxc3 Qxd1+ 9. Kxd1 Be6 10. Be3 Bxc4 11. Bd4 Nf6 12. Nf3 b6 13. Re1 0-0-0 14. Kc1 c5 15. Bxf6 exf6 16. Kb2 Rhe8 17. Re3 Rd7 18. Rae1 Kc7 19. g4 Ba6 20. h4 Rde7 21. g5 f5 22. Ne5 fxe4 23. Rxe4 Bc8 24. R4e3 Re6 25. Ng4 Rd8 26. Nf6 h5 27. gxh6 Rxf6 28. Re8 Rxf4 29. h7 Rxh4 30. R1e7+ Bd7 31. Rxd8 Kxd8 32. Rxf7 Kc7 33. Rg7 g5 34. Kc1 Rh2 35. Kd1 g4 36. Ke1 Kd6 37. Kd1 Bf5 38. Rxa7 Bxc2+ 39. Kc1 Rxh7 40. Ra6 Be4 41. Rxb6+ Bc6 0-1

[Event "Basel op"]
[Site "Basel"]
[Date "2018.01.06"]
[Round "8"]
[White "Jud, Marc"]
[Black "Haenggi, Markus"]
[Result "0-1"]
[WhiteElo "2022"]
[BlackElo "2065"]
[PlyCount "116"]
[EventDate "2018.01.02"]
[EventType "swiss"]
[EventRounds "9"]
[EventCountry "SUI"]
[SourceTitle "CBM 182 Extra"]
[Source "ChessBase"]
[SourceDate "2018.02.23"]
[SourceVersion "1"]
[SourceVersionDate "2018.02.23"]
[SourceQuality "1"]

1. d4 d5 2. Nf3 c6 3. g3 Bf5 4. Bg2 Nf6 5. 0-0 Nbd7 6. b3 e6 7. Bb2 Be7 8. Nbd2 Ne4 9. c4 g5 10. Nxe4 Bxe4 11. Nd2 Bxg2 12. Kxg2 Nf6 13. Qc2 h5 14. e4 h4 15. exd5 cxd5 16. Rh1 h3+ 17. Kf1 dxc4 18. bxc4 0-0 19. Ne4 Nxe4 20. Qxe4 Qb6 21. Qe2 Bf6 22. c5 Qc6 23. f3 Rfd8 24. Rd1 Qa4 25. Kf2 Bxd4+ 26. Bxd4 Rxd4 27. Rxd4 Qxd4+ 28. Qe3 Rd8 29. Qxd4 Rxd4 30. g4 Rc4 31. Rb1 Rxc5 32. Kg3 Rc3 33. Rxb7 Ra3 34. Rb2 Kg7 35. Rf2 e5 36. Re2 Kf6 37. Kxh3 Rxf3+ 38. Kg2 Ra3 39. Rf2+ Ke6 40. Re2 f6 41. Rc2 Kd5 42. Rf2 Ke6 43. Rc2 e4 44. Rc6+ Ke5 45. Rc5+ Kd4 46. Rc6 Rxa2+ 47. Kg3 Ke5 48. Rc5+ Kd6 49. Rf5 Ke6 50. Rc5 a5 51. Rc6+ Ke5 52. Rc5+ Kd6 53. Rf5 Ke6 54. Rb5 Ra3+ 55. Kf2 a4 56. Ra5 Kd6 57. Ke2 Kc6 58. Rf5 Rf3 0-1

[Event "Basel op"]
[Site "Basel"]
[Date "2018.01.05"]
[Round "5"]
[White "Leutwyler, Martin"]
[Black "Haenggi, Markus"]
[Result "1/2-1/2"]
[WhiteElo "2188"]
[BlackElo "2065"]
[PlyCount "119"]
[EventDate "2018.01.02"]
[EventType "swiss"]
[EventRounds "9"]
[EventCountry "SUI"]
[SourceTitle "CBM 182 Extra"]
[Source "ChessBase"]
[SourceDate "2018.02.23"]
[SourceVersion "1"]
[SourceVersionDate "2018.02.23"]
[SourceQuality "1"]

1. Nf3 d5 2. g3 Nf6 3. Bg2 Bg4 4. c4 e6 5. Qb3 Qc8 6. 0-0 Nbd7 7. d4 dxc4 8. Qxc4 Nb6 9. Qb3 Be7 10. Nc3 c6 11. e4 0-0 12. Be3 c5 13. Rac1 cxd4 14. Bxd4 Qc4 15. Nd5 exd5 16. Rxc4 dxc4 17. Qc2 Rac8 18. h3 Bd7 19. Ng5 h6 20. e5 hxg5 21. exf6 Bxf6 22. Bxf6 gxf6 23. Bxb7 Bxh3 24. Bxc8 Bxf1 25. Bf5 Bd3 26. Bxd3 cxd3 27. Qxd3 Rc8 28. Kg2 Kg7 29. b3 Rc5 30. Qa6 Nc8 31. Kf3 Rc2 32. Ke3 Rc3+ 33. Kd4 Rc2 34. a4 Rc7 35. Qa5 Rc2 36. Qf5 Rc6 37. Qb5 Rc2 38. f4 gxf4 39. gxf4 Rc7 40. b4 Rc1 41. Qb7 Rc2 42. Kd3 Rc1 43. a5 Kf8 44. b5 Kg7 45. Qg2+ Kf8 46. Qb2 Rd1+ 47. Kc4 Rd6 48. Qg2 Rd1 49. Qc2 Rd8 50. Qh7 Ke7 51. Qe4+ Kf8 52. Kb4 Nd6 53. Qd4 Rd7 54. Qxf6 Ke8 55. Qe5+ Kd8 56. Qh8+ Ke7 57. Qb8 Rb7 58. Qa8 Rxb5+ 59. Ka4 Rb7 60. Qh8 1/2-1/2

[Event "Basel op"]
[Site "Basel"]
[Date "2016.01.01"]
[Round "1"]
[White "Filipovic, Branko"]
[Black "Haenggi, Markus"]
[Result "1-0"]
[WhiteElo "2369"]
[BlackElo "2057"]
[PlyCount "67"]
[EventDate "2016.01.01"]
[EventType "swiss"]
[EventRounds "7"]
[EventCountry "SUI"]
[SourceTitle "CBM 170 Extra"]
[Source "ChessBase"]
[SourceDate "2016.02.25"]
[SourceVersion "1"]
[SourceVersionDate "2016.02.25"]
[SourceQuality "1"]

1. d4 d5 2. Bf4 c6 3. Nf3 Bf5 4. c3 Nf6 5. Nbd2 Nbd7 6. h3 h6 7. e3 e6 8. Be2 Be7 9. 0-0 0-0 10. Ne5 Nxe5 11. dxe5 Nd7 12. Nf3 Qc7 13. c4 Be4 14. Nd2 Bh7 15. cxd5 cxd5 16. Rc1 Qb8 17. Nf3 a6 18. Qd4 Rc8 19. b4 b5 20. Nd2 Qb7 21. Bf3 Rxc1 22. Rxc1 Rc8 23. Rxc8+ Qxc8 24. e4 dxe4 25. Nxe4 Qc7 26. Nd6 Nb6 27. Qc5 Qb8 28. Qc6 Bd3 29. a3 Nc4 30. Qxa6 Nxd6 31. exd6 Bf6 32. Be3 e5 33. d7 e4 34. Qc8+ 1-0

[Event "Basel op"]
[Site "Basel"]
[Date "2015.01.05"]
[Round "7"]
[White "Haenggi, Markus"]
[Black "Meier, Volker"]
[Result "0-1"]
[WhiteElo "2046"]
[BlackElo "2254"]
[PlyCount "94"]
[EventDate "2015.01.01"]
[EventType "swiss"]
[EventRounds "7"]
[EventCountry "SUI"]
[SourceTitle "CBM 164 Extra"]
[Source "ChessBase"]
[SourceDate "2015.03.02"]
[SourceVersion "1"]
[SourceVersionDate "2015.03.02"]
[SourceQuality "1"]

1. e4 c5 2. Nf3 d6 3. Nc3 Nf6 4. Bb5+ Nbd7 5. 0-0 a6 6. Be2 g6 7. a4 Bg7 8. a5 0-0 9. d3 e6 10. Bf4 Qc7 11. Qd2 Re8 12. Bh6 Bh8 13. Nh4 Ne5 14. Qg5 Nc6 15. f4 Qe7 16. f5 Nd7 17. Qg3 Nde5 18. fxg6 fxg6 19. Bh5 Bg7 20. Bg5 Qc7 21. Bxg6 hxg6 22. Bf6 Bxf6 23. Rxf6 Qg7 24. Raf1 g5 25. Ng6 Nxg6 26. Qxd6 Rf8 27. e5 Ncxe5 28. Rxf8+ Nxf8 29. Ne4 Ned7 30. c3 b5 31. axb6 Bb7 32. Ng3 Qg6 33. Qc7 Bd5 34. c4 Re8 35. cxd5 exd5 36. b7 Qxd3 37. Nf5 Qe2 38. Nh6+ Kh7 39. Nf5 Qe5 40. Nd6 Re7 41. b8Q Nxb8 42. Qxb8 Qd4+ 43. Kh1 Qf2 44. Rg1 Re1 45. Qb7+ Kg6 46. Qf7+ Qxf7 47. Rxe1 Qf2 0-1

[Event "Basel Hilton op 08th"]
[Site "Basel"]
[Date "2006.01.04"]
[Round "4"]
[White "Zozulia, Anna"]
[Black "Haenggi, Markus"]
[Result "1-0"]
[WhiteElo "2366"]
[BlackElo "2051"]
[PlyCount "57"]
[EventDate "2006.01.01"]
[EventType "swiss"]
[EventRounds "7"]
[EventCountry "SUI"]
[SourceTitle "CBM 110 Extra"]
[Source "ChessBase"]
[SourceDate "2006.03.10"]
[SourceVersion "2"]
[SourceVersionDate "2006.03.10"]
[SourceQuality "1"]

1. e4 c5 2. Nf3 e6 3. d4 cxd4 4. Nxd4 a6 5. Nc3 b5 6. Bd3 Bb7 7. 0-0 Qc7 8. Qe2 Nf6 9. a3 d6 10. f4 Nbd7 11. Kh1 h5 12. Bd2 h4 13. Nd1 Nc5 14. Nf2 h3 15. gxh3 d5 16. e5 Nfe4 17. Be3 0-0-0 18. b4 Nxf2+ 19. Bxf2 Ne4 20. Be1 f6 21. Nxe6 Nc3 22. Bxc3 Qxc3 23. Nxd8 Kxd8 24. Rae1 Qxa3 25. exf6 Bxb4 26. fxg7 d4+ 27. Be4 Re8 28. Bxb7 Bxe1 29. Qxe8+ 1-0

[Event "Basel Hilton op 08th"]
[Site "Basel"]
[Date "2006.01.01"]
[Round "1"]
[White "Haenggi, Markus"]
[Black "Milosevic, Goran"]
[Result "1/2-1/2"]
[WhiteElo "2051"]
[BlackElo "2403"]
[PlyCount "83"]
[EventDate "2006.01.01"]
[EventType "swiss"]
[EventRounds "7"]
[EventCountry "SUI"]
[SourceTitle "CBM 110 Extra"]
[Source "ChessBase"]
[SourceDate "2006.03.10"]
[SourceVersion "2"]
[SourceVersionDate "2006.03.10"]
[SourceQuality "1"]

1. e4 c5 2. Nc3 Nc6 3. f4 g6 4. Nf3 Bg7 5. Bb5 Nd4 6. Bd3 d6 7. Nxd4 cxd4 8. Ne2 e6 9. c3 dxc3 10. bxc3 Ne7 11. 0-0 0-0 12. Qe1 b6 13. a4 f5 14. Nd4 e5 15. Bc4+ Kh8 16. Ne6 Bxe6 17. Bxe6 fxe4 18. Ba3 Rf6 19. Bb3 exf4 20. Qxe4 g5 21. Rae1 Ng6 22. Re2 Qf8 23. Qb7 g4 24. Bd5 Rb8 25. Qxa7 f3 26. Re6 Rxe6 27. Bxe6 Be5 28. Bxg4 Re8 29. Bxf3 Qh6 30. g3 Qxd2 31. Qxb6 Qxc3 32. Qc6 Qe3+ 33. Kh1 Rf8 34. Bxd6 Bxd6 35. Qxd6 Rxf3 36. Qb8+ Nf8 37. Qxf8+ Rxf8 38. Rxf8+ Kg7 39. Rf4 Qe2 40. Kg1 Kg6 41. Rh4 Kg5 42. Rf4 1/2-1/2

[Event "SUI-chB"]
[Site "Basel"]
[Date "2004.??.??"]
[Round "?"]
[White "Bojic, Zoran"]
[Black "Haenggi, Markus"]
[Result "1-0"]
[WhiteElo "2145"]
[BlackElo "2115"]
[PlyCount "77"]
[EventDate "2004.??.??"]
[EventType "tourn"]
[EventRounds "7"]
[EventCountry "SUI"]
[SourceTitle "EXT 2010"]
[Source "ChessBase"]
[SourceDate "2010.11.25"]
[SourceVersion "1"]
[SourceVersionDate "2010.11.25"]
[SourceQuality "1"]

1. e4 c5 2. Nf3 e6 3. d4 cxd4 4. Nxd4 a6 5. c4 b6 6. a3 Bb7 7. Nc3 d6 8. Be3 Nf6 9. f3 Nbd7 10. Be2 Be7 11. 0-0 Qc7 12. Qd2 0-0 13. Rfc1 Rac8 14. b4 Rfe8 15. Kh1 Qb8 16. Rab1 d5 17. exd5 exd5 18. Nxd5 Bxd5 19. cxd5 Rxc1+ 20. Rxc1 Nxd5 21. Nc6 Qd6 22. Bf2 b5 23. Bg3 Qe6 24. Bd3 N7b6 25. Be4 Bd6 26. Nd4 Qf6 27. Bxd5 Nxd5 28. Rc6 Rd8 29. h3 Bxg3 30. Rxf6 Nxf6 31. Qc2 Re8 32. Ne2 Bb8 33. g4 h5 34. g5 Nd7 35. Qc6 Rxe2 36. Qxd7 Re1+ 37. Kg2 Bf4 38. Qc8+ Kh7 39. Qf5+ 1-0